London Geography by Map - Statistics

General Stats
  • This quiz has been taken 2,640 times
  • The average score is 9 of 15
Answers on the Map
Answers color-coded by a green-red scale on the quiz's map according to % correct below.
 
Answer Stats
Geography % Correct
Big Ben
97%
Buckingham Palace
89%
Thames
89%
Tower Bridge
89%
Hyde Park
80%
The Shard
78%
Westminster
69%
30 St. Mary Axe
55%
King's Cross St. Pancras
44%
The Regent's Park
44%
Victoria
38%
Soho
28%
Baker Street
21%
Knightsbridge
18%
Leicester Square
17%
No matching quizzes found
Score Distribution
Percent of People with Each Score
Percentile by Number Answered
Your Score History
You have not taken this quiz